Synonymwörterbuch der deutschen Redensarten

Enregistré dans:
Détails bibliographiques
Auteur principal: Schemann, Hans
Autres auteurs: Birkenhauer, Renate
Format: Livre
Langue:allemand
Publié: Berlin Walter de Gruyter 2012
Édition:2. Auflage, erweitert um eine Einführung in die Synonymie und Idiomatik
Sujets:
Tags: Ajouter un tag
Pas de tags, Soyez le premier à ajouter un tag!

MARC

LEADER 00000nam a2200000 4500
001 0257614
005 20250930081858.5
020 |a 978-3-11-021790-2 
020 |a 978-3-11-021788-9 
020 |a 978-3-11-021789-6 
041 0 |a ger 
044 |a DE 
245 1 0 |a Synonymwörterbuch der deutschen Redensarten  |c von Hans Schemann unter Mitarbeit von Renate Birkenhauer 
250 |a 2. Auflage, erweitert um eine Einführung in die Synonymie und Idiomatik 
264 1 |a Berlin  |b Walter de Gruyter  |c 2012 
300 |a 428 s. 
610 2 0 |a jazykoveda 
610 2 0 |a terminológia 
610 2 0 |a nemčina 
100 1 |a Schemann, Hans 
700 1 |a Birkenhauer, Renate